000 00527nam a22001937a 4500
003 OSt
005 20140310181911.0
008 130712t xxu||||| |||| 00| 0 eng d
020 _a9717891044
050 _aBR 121.3
_b.Sch411 2004
082 _aTR 230
_bSch9 2004
245 _aA handbook of the Christian faith /
_cJohn Schwartz
260 _aValenzuela, Manila :
_bCristian Literature Crusade,
_cc2004
300 _a312 p.
_c21 cm.
521 _aFaculty
541 _j1
562 _e1
942 _2lcc
_cBK-TR
_kTR
999 _c6520
_d6520